Konštrukčný návrh a optimalizácia tehlice elektrickej formule zo STUBA Green Teamu

Enregistré dans:
Détails bibliographiques
Auteur principal: Bucko, Juraj (Auteur)
Autres auteurs: Sloboda, Karol (Directeur de thèse)
Format: Manuscrit Livre
Langue:slovaque
Publié: 2020
Sujets:
Accès en ligne:http://is.stuba.sk/zp/portal_zp.pl?podrobnosti=143412
Tags: Ajouter un tag
Pas de tags, Soyez le premier à ajouter un tag!

MARC

LEADER 00000ntm a22000003a 4500
001 stuzp81411
003 SK-STU
005 20200711211122.0
007 ta
008 150427s2015----xo-----f-mn---000-0-slo-d
040 |a STU  |b slo 
041 0 |a slo 
100 1 |a Bucko, Juraj  |u 020030  |4 aut  |U SjF Strojnícka fakulta  |T SjF Ústav dopravnej techniky a konštruovania  |X 92901  |U J0030  |Y 806  |7 92901 
242 0 1 |a Constructional design and optimization of the electric formula´s upright from the STUBA Green Team  |y eng 
245 1 0 |a Konštrukčný návrh a optimalizácia tehlice elektrickej formule zo STUBA Green Teamu 
260 |c 2020 
650 4 |a Formula Student  |2 eng 
650 4 |a NX Siemens  |2 eng 
650 4 |a Ansys  |2 eng 
650 4 |a strength analysis  |2 eng 
650 4 |a upright  |2 eng 
650 4 |a Formula Student  |2 slo 
650 4 |a NX Siemens  |2 slo 
650 4 |a Ansys  |2 slo 
650 4 |a pevnostná analýza  |2 slo 
650 4 |a tehlica  |2 slo 
700 1 |a Sloboda, Karol  |u 020030  |k Z3  |4 ths  |U SjF Strojnícka fakulta  |T SjF Ústav dopravnej techniky a konštruovania  |X 42074  |U J0030  |Y 806  |7 A000042074 
856 4 |u http://is.stuba.sk/zp/portal_zp.pl?podrobnosti=143412